000 00341nam a22001457a 4500
003 OSt
005 20160727222409.0
008 160624b xxu||||| |||| 00| 0 eng d
040 _cTEST
100 _9934
_aMatthews, A
245 _aMaking Friends
260 _aCalifornia
_bPrice Stern Sloan
_c1991
300 _aMaking Friends
942 _2ddc
_cBK
999 _c744
_d744